000 00554nam a2200193 i 4500
001 57095
003 ES-MaACL
005 20251001150503.0
007 t|
008 140901s2013 sp ||||1| spa d
080 _a821.134.2-14"19"
100 1 _aGarcía González, Eusebio,
_d1927-
_9153801
245 1 0 _aSocionáuticas
_b: poesía /
_cEusebio García González.
250 _a[Edición doméstica].
260 _a[Segovia :
_bEl autor],
_c2013.
300 _a23 p.. ;
_c21 cm.
852 _aES-MaACL
_j1563-F-18
999 _c57095
_d57095